Ethnomusicology
Αποθηκεύτηκε σε:
| Συγγραφή απο Οργανισμό/Αρχή: | |
|---|---|
| Μορφή: | Περιοδική έκδοση |
| Γλώσσα: | English |
| Δημοσίευση: |
Champaign, IL :
University of Illinois Press,
1953-
|
| Θέματα: | |
| Ετικέτες: |
Προσθήκη ετικέτας
Δεν υπάρχουν, Καταχωρήστε ετικέτα πρώτοι!
|
MARC
| LEADER | 00000nas a2200000 i 4500 | ||
|---|---|---|---|
| 001 | 1/36973 | ||
| 008 | 030617c19539999us r r | |eng|| | ||
| 022 | |a 0014-1836 | ||
| 035 | |l 10070171 | ||
| 040 | |a GR-MY-UA |b gre |e aacr | ||
| 041 | 0 | |a eng | |
| 082 | 0 | |a 780.89 |2 (21) | |
| 110 | 2 | |a Society for Ethnomusicology. | |
| 245 | 1 | 0 | |a Ethnomusicology |h [περιοδικό] / |c Society for Ethnomusicology. |
| 260 | |a Champaign, IL : |b University of Illinois Press, |c 1953- | ||
| 300 | |a v. ; |c 23 εκ. | ||
| 310 | |a Τετραμηνιαίο, |b 1956- | ||
| 500 | |a Συνοπτική σημείωση παλαιότερων τευχών: Vol.37-46 (1993-2002) | ||
| 650 | 0 | 0 | |a Ethnomusicology |x Periodicals. |
| 853 | |a INST |b LESVOS |c SER |h 780.89 | ||
| 922 | |a 1ΕΛΗ |b 199301 |c ΤΜΗΜΑ ΚΟΙΝΩΝΙΚΗΣ ΑΝΘΡΩΠΟΛΟΓΙΑΣ |d SWETS | ||
| 970 | |a ΤΖΑΦΕΡΗ |b ΕΥΑΓΓΕΛΙΑ |z 2003/06/17 | ||